Property Finance and Development (Record no. 118570)
[ view plain ]
| 000 -LEADER | |
|---|---|
| fixed length control field | 00584cas a22002175a 4500 |
| 001 - CONTROL NUMBER | |
| control field | L266 |
| 008 - FIXED-LENGTH DATA ELEMENTS--GENERAL INFORMATION | |
| fixed length control field | 070628d19941998xxkmr p 0 a0eng |
| 022 1# - INTERNATIONAL STANDARD SERIAL NUMBER | |
| International Standard Serial Number | 1353-6745 |
| 035 ## - SYSTEM CONTROL NUMBER | |
| System control number | (Sirsi) u98902 |
| 041 0# - LANGUAGE CODE | |
| Language code of text/sound track or separate title | eng |
| 245 00 - TITLE STATEMENT | |
| Title | Property Finance and Development |
| 260 ## - PUBLICATION, DISTRIBUTION, ETC. | |
| Place of publication, distribution, etc. | London |
| Name of publisher, distributor, etc. | IBC Publishing |
| Date of publication, distribution, etc. | 1994-1998 |
| 362 0# - DATES OF PUBLICATION AND/OR SEQUENTIAL DESIGNATION | |
| Dates of publication and/or sequential designation | 6(1) January 1994-10(1) January 1998 |
| 554 ## - | |
| -- | 12 per year |
| 651 #4 - SUBJECT ADDED ENTRY--GEOGRAPHIC NAME | |
| Geographic name | England and Wales |
| Chronological subdivision | 1543- |
| 690 ## - LOCAL SUBJECT ADDED ENTRY--TOPICAL TERM (OCLC, RLIN) | |
| Topical term or geographic name as entry element | PROPERTY |
| 780 00 - PRECEDING ENTRY | |
| Title | Property Finance |
| International Standard Serial Number | 0955-8659 |
| 785 00 - SUCCEEDING ENTRY | |
| Title | Property Forecast |
| International Standard Serial Number | 1463-1830 |
| 942 ## - ADDED ENTRY ELEMENTS (KOHA) | |
| Suppress in OPAC | 0 |
| 948 ## - LOCAL PROCESSING INFORMATION (OCLC); SERIES PART DESIGNATOR (RLIN) | |
| c (OCLC) | 17/08/1994 |
| Withdrawn status | Lost status | Source of classification or shelving scheme | Damaged status | Not for loan | Home library | Current library | Shelving location | Date acquired | Total Checkouts | Full call number | Barcode | Date last seen | Price effective from | Koha item type |
|---|---|---|---|---|---|---|---|---|---|---|---|---|---|---|
| Other/Generic Classification Scheme | London | London | Gallery | 28/06/2007 | PROPERTY FORECAST | 98902-1001 | 06/08/2019 | 06/08/2019 | Journal |